Journal of community medicine and primary health care (Record no. 38373)

MARC details
000 -LEADER
fixed length control field 00559nam a2200169Ia 4500
022 ## - INTERNATIONAL STANDARD SERIAL NUMBER
ISSN 07947410
050 ## - CALL MARK
Classification number RC 46 .C66/
245 #0 - TITLE STATEMENT
Title Journal of community medicine and primary health care
260 ## - PUBLICATION, DISTRIBUTION, ETC. (IMPRINT)
Place of publication Nigeria
260 ## - PUBLICATION, DISTRIBUTION, ETC. (IMPRINT)
Name of publisher Monkmedia
260 ## - PUBLICATION, DISTRIBUTION, ETC. (IMPRINT)
Year of publication 2016
300 ## - PHYSICAL DESCRIPTION
Number of Pages 93 p. :ill. ; 29 cm.
650 ## - SUBJECT ADDED ENTRY--TOPICAL TERM
Topical Term Primary care (Medicine)--Periodicals. Public health--Periodicals. Primary Health Care. Community Health Services. Primary care (Medicine) Public health.
942 ## - ADDED ENTRY ELEMENTS (KOHA)
Koha item type Serials

No items available.